000 004530000a22001810004500
003 MACL
005 20160101161302.0
008 160101b xxu||||| |||| 00| 0 eng d
040 _aMACL
_cMACL
041 _aEnglish
082 _a352.69/VAR
100 _aVarma, R S
_926648
245 _aBureaucracy in India
260 _bProgress Publishers
_c1973
_aBhopal
350 _a18
650 _aPublic Administration
_926649
942 _cBK
_k352.63/VAR
_2ddc
999 _c39352
_d39352